00631 2200229 4500001002100000005001700021008004100038020002200079035002400101040001200125041000800137082001100145090001700156100001600173245004500189250001000234260004300244300006000287650002000347990001700367990001700384YOGYA-0113000000163020130128104322.0 ind  a978-602-9319-48-4 0010-011300000001630 aYOPDYOG aInd a782.25 a782.25 Dan K aDANAR S., G aKoleksi lagu rohani terbaikcG. Danar S. aCet.1 aYogyakartabCahaya Atma Pustakac2012. a...Volumebilusc29 cm (2 eks) yang diterima vol 1 & 2. aNyanyian Rohani a413-RBM/B.12 a416-RBM/B.12